| 000 | 01089cab a2200265 4500 | ||
|---|---|---|---|
| 001 | ABS54384 | ||
| 008 | 090401t1995 xxu||||| |||| 00| 0 eng d | ||
| 035 | _a(Sirsi) u10059 | ||
| 041 | _aeng | ||
| 100 | _aThomas, M. | ||
| 245 | 4 | _aThe performance of the German property market between 1989 and 1994 | |
| 260 | _c1995 | ||
| 350 | _a0 | ||
| 490 |
_aJournal of Property Valuation and Investment _v13(5) 1995, 67-84(18) |
||
| 520 | _aIncludes information on the estimated market values of property held by different institutional investors in Germany, and presents a construction method for a real-estate performance index based on published accounting reports of open-end real-estate investment funds. Includes an analysis of the results. Statistical data and formulae throughout. | ||
| 650 | _aCOST MODELS | ||
| 650 | _aGERMANY | ||
| 650 | _aINSTITUTIONAL INVESTMENT | ||
| 650 | _aINVESTMENT MARKET | ||
| 650 | _aPROPERTY PERFORMANCE | ||
| 690 | _aPROPERTY-COMMERCIAL PROPERTY-COMMERCIAL PROPERTY MARKET | ||
| 690 | _aOVERSEAS-EUROPE | ||
| 942 | _n0 | ||
| 948 | _c04/03/1997 | ||
| 999 |
_c6320 _d6320 |
||